Die Religionsfreiheit im Judentum
| Main Author: | |
|---|---|
| Format: | Print Article |
| Language: | German |
| Check availability: | HBZ Gateway |
| Interlibrary Loan: | Interlibrary Loan for the Fachinformationsdienste (Specialized Information Services in Germany) |
| Published: |
2014
|
| In: |
Gewissen und Freiheit
Year: 2014, Volume: 42, Issue: 70, Pages: 156-161 |
| RelBib Classification: | BH Judaism HB Old Testament |
| Further subjects: | B
Religious freedom
B Judaism B Torah |
MARC
| LEADER | 00000caa a22000002c 4500 | ||
|---|---|---|---|
| 001 | 1650617135 | ||
| 003 | DE-627 | ||
| 005 | 20210205111045.0 | ||
| 007 | tu | ||
| 008 | 190311s2014 xx ||||| 00| ||ger c | ||
| 035 | |a (DE-627)1650617135 | ||
| 035 | |a (DE-576)519890140 | ||
| 035 | |a (DE-599)BSZ519890140 | ||
| 040 | |a DE-627 |b ger |c DE-627 |e rakwb | ||
| 041 | |a ger | ||
| 084 | |a 1 |a 0 |2 ssgn | ||
| 100 | 1 | |0 (DE-588)12426154X |0 (DE-627)085744956 |0 (DE-576)175542872 |4 aut |a Sierra, Sergio J. |d 1923- | |
| 109 | |a Sierra, Sergio J. 1923- |a Sierra, Sergio Joseph 1923- |a Sierra, Sergio Josef 1923- | ||
| 245 | 1 | 4 | |a Die Religionsfreiheit im Judentum |
| 264 | 1 | |c 2014 | |
| 336 | |a Text |b txt |2 rdacontent | ||
| 337 | |a ohne Hilfsmittel zu benutzen |b n |2 rdamedia | ||
| 338 | |a Band |b nc |2 rdacarrier | ||
| 601 | |a Religionsfreiheit | ||
| 601 | |a Judentum | ||
| 650 | 0 | 7 | |0 (DE-588)4114087-4 |0 (DE-627)104603151 |0 (DE-576)20948182X |a Judentum |2 gnd |
| 650 | 0 | 7 | |0 (DE-588)4125186-6 |0 (DE-627)105742090 |0 (DE-576)209574488 |a Religionsfreiheit |2 gnd |
| 650 | 0 | 7 | |0 (DE-588)4226122-3 |0 (DE-627)104104767 |0 (DE-576)210311568 |a Thora |2 gnd |
| 652 | |a BH:HB | ||
| 773 | 0 | 8 | |i In |t Gewissen und Freiheit |d Bern, Schweiz : Internationale Vereinigung zur Verteidigung der Religionsfreiheit (IVVR), 1973 |g 42(2014), 70, Seite 156-161 |w (DE-627)130164313 |w (DE-600)518865-9 |w (DE-576)015707458 |x 0259-0379 |7 nnas |
| 773 | 1 | 8 | |g volume:42 |g year:2014 |g number:70 |g pages:156-161 |
| 935 | |a BIIN | ||
| 951 | |a AR | ||
| BIB | |a 1 | ||
| CAN | |a 1 | ||
| ELC | |b 1 | ||
| ITA | |a 1 |t 1 | ||
| LOK | |0 000 xxxxxcx a22 zn 4500 | ||
| LOK | |0 001 3337582273 | ||
| LOK | |0 003 DE-627 | ||
| LOK | |0 004 1650617135 | ||
| LOK | |0 005 20190311225801 | ||
| LOK | |0 008 190311||||||||||||||||ger||||||| | ||
| LOK | |0 035 |a (DE-Tue135-1)238103 | ||
| LOK | |0 040 |a DE-Tue135-1 |c DE-627 |d DE-Tue135-1 | ||
| LOK | |0 852 |a DE-Tue135-1 | ||
| LOK | |0 852 1 |c SJ107580/42/SAS |m p |9 00 | ||
| LOK | |0 852 2 |b Z 985C |9 00 | ||
| LOK | |0 935 |a iZSA | ||
| LOK | |0 936ln |0 1442043520 |a BH | ||
| LOK | |0 936ln |0 1442044128 |a HB | ||
| LOK | |0 938 |k p | ||
| LOK | |0 939 |a 11-03-19 |b l12 | ||
| ORI | |a SA-MARC-ixtheoa001.raw | ||
| REL | |a 1 | ||
| STA | 0 | 0 | |a Judaism,Judaism,Judaism in literature,Religious freedom,Freedom of religion,Religious liberty,Torah,Thora |
| STB | 0 | 0 | |a Judaïsme,Judaïsme,Liberté religieuse,Torah,Thora,Thora |
| STC | 0 | 0 | |a Judaísmo,Judaísmo,Libertad de religión,Torá |
| STD | 0 | 0 | |a Ebraismo,Ebraismo,Libertà di religione,Torah,Torà,Torà |
| STE | 0 | 0 | |a 妥拉,托拉,宗教自由,信教自由,犹太教,犹太教 |
| STF | 0 | 0 | |a 妥拉,托拉,宗教自由,信教自由,猶太教,猶太教 |
| STG | 0 | 0 | |a Judaísmo,Judaísmo,Liberdade de religião,Torá |
| STH | 0 | 0 | |a Иудаизм,Иудаизм (мотив),Свобода вероисповедания,Тора |
| STI | 0 | 0 | |a Θρησκευτική ελευθερία,Ιουδαϊσμός,Ιουδαϊσμός (μοτίβο),Τορά |
| SUB | |a CAN |a BIB |a REL | ||
| SYE | 0 | 0 | |a Judaism,Judaismus,Jüdische Religion,Zionism,Zionismus,Jüdische Religion,Judaismus,Jüdische Religion,Judaismus , Religiöse Freiheit , Tora,Torah,Ḥamishah ḥumshe Torah,Ḥămišä hûmĕšê Tôrä,Ḥamišša humše Tora,Tawrāt Mūsā,Tevrat,Tevrīt |



